| 000 | 00810nam a2200205 a 4500 | ||
|---|---|---|---|
| 001 | 74730 | ||
| 003 | BD-RjUL | ||
| 005 | 20211209082607.0 | ||
| 008 | 181126s2017 bg 000 0aben d | ||
| 020 | _a9789849023548 | ||
| 035 | _a(BD-RjUL)74948 | ||
| 040 |
_aBD-RjUL _cBD-RjUL _beng |
||
| 041 | _aben | ||
| 082 |
_223 _a891.44092 _bAPA 2017 |
||
| 245 | 1 | 0 |
_aঅাপন আলোকছায়ে : _b[মনোজবিকাশ দেবরায়-এর ছেষট্রিতম জন্মবার্ষিকী উপলক্ষে প্রকাশিত স্মারক]. |
| 260 |
_aসিলেট : _bঘাশ প্রকাশ, _c২০১৭ |
||
| 300 |
_a৮৯৪ পৃ. ; _c২২ সেমি. |
||
| 600 |
_aDevroy, Manujbikash _d1951- _xBiography. _9225289 |
||
| 942 |
_2ddc _cBK |
||
| 999 |
_c74730 _d74730 |
||